|
|
|
|
| LEADER |
00815nam a2200229 a 4500 |
| 001 |
2535742 |
| 008 |
100427s1995 enka b 001 0 eng d |
| 010 |
|
|
|a 93231771
|
| 020 |
|
|
|a 0273607340
|
| 040 |
|
|
|a DLC
|c DLC
|d BD-DhAAL
|
| 082 |
0 |
0 |
|a 658.8
|2 20
|
| 245 |
0 |
0 |
|a Marketing :
|b principles and practice /
|c Dennis Adcock ... [et al.].
|
| 250 |
|
|
|a 2nd ed.
|
| 260 |
|
|
|a London :
|b Pitman Pub.,
|c 1995.
|
| 300 |
|
|
|a xii, 420 p. :
|b ill. ;
|c 25 cm.
|
| 504 |
|
|
|a Includes bibliographical references and index.
|
| 541 |
1 |
|
|e 00010212
|
| 650 |
|
0 |
|a Marketing.
|
| 700 |
1 |
|
|a Adcock, Dennis.
|
| 852 |
4 |
|
|a Ayesha Abed Library
|j General shelf
|
| 999 |
|
|
|c 8270
|d 8270
|
| 952 |
|
|
|0 0
|1 0
|2 ddc
|4 0
|6 658_800000000000000_MAR_1995
|7 0
|9 9495
|a BRACUL
|b BRACUL
|c GEN
|d 2010-04-27
|l 3
|m 9
|o 658.8 MAR
|p 3010010212
|r 2019-04-03
|s 2018-05-09
|t 1
|w 2010-04-27
|y BK
|